ბათუმის შოთა რუსთაველის სახელმწიფო უნივერსიტეტის ბიბლიოთეკა

გიყვარდეთ!... (ბიბ.ჩანაწერი № 43252)

000 -LEADER
fixed length control field 00874nam a2200253Ia 4500
001 - CONTROL NUMBER
control field 9979
003 - CONTROL NUMBER IDENTIFIER
control field GE_BSU
008 - FIXED-LENGTH DATA ELEMENTS--GENERAL INFORMATION
fixed length control field 181216s||||||||xx |||||||||||||| ||und||
020 ## - INTERNATIONAL STANDARD BOOK NUMBER
International Standard Book Number 9992843640
040 ## - CATALOGING SOURCE
Transcribing agency GE_BSU
080 ## - UNIVERSAL DECIMAL CLASSIFICATION NUMBER
Universal Decimal Classification number 821.353.1+17
100 ## - MAIN ENTRY--PERSONAL NAME
Personal name ორმოცაძე–ფირცხალაიშვილი,ლალი
245 ## - TITLE STATEMENT
Title გიყვარდეთ!...
245 ## - TITLE STATEMENT
Remainder of title ახალგაზრდობის ზნეობრივი აღზრდა
245 ## - TITLE STATEMENT
Statement of responsibility, etc. რედ.ბელა ქებურია
260 ## - PUBLICATION, DISTRIBUTION, ETC.
Place of publication, distribution, etc. ბათუმი
260 ## - PUBLICATION, DISTRIBUTION, ETC.
Name of publisher, distributor, etc. ალიონი
260 ## - PUBLICATION, DISTRIBUTION, ETC.
Date of publication, distribution, etc. 2005
300 ## - PHYSICAL DESCRIPTION
Extent 88გვ.ფოტოები.20სმ.
653 ## - INDEX TERM--UNCONTROLLED
Uncontrolled term ახალგაზრდობის ზნეობრივი აღზრდა
653 ## - INDEX TERM--UNCONTROLLED
Uncontrolled term გიყვარდეთ!...
942 ## - ADDED ENTRY ELEMENTS (KOHA)
Koha item type წიგნი
ეგზემპლარები
Withdrawn status Lost status Damaged status Not for loan Date acquired Barcode Date last seen Price effective from Koha item type
        2018-12-17 33267 2018-12-17 2018-12-17 წიგნი
        2018-12-17 33268 2018-12-17 2018-12-17 წიგნი